000 00749nam a2200241 a 4500
001 BRL_1466
005 20190320211224.0
008 220114s1995----mx-o######---#000-0#spa-#
020 _a9682986648
041 _aspa
044 _amx
050 4 _aQ180
_b.P74 1995
245 1 0 _aPremio Nacional de Ciencias y Arte, 1995
260 _aMéxico
_bConsejo del Premio Nacional de Ciencias y Arte : SEP
_c1995
300 _axxviii, 59 p.
_bil.
_c21 cm.
500 _aej.1 Au1831, ej.2 Au1832
500 _aLa biblioteca cuenta con 2 ejemplares
500 _aEstado físico: Los 2 ejemplares tienen hojas desprendidas.
650 1 4 _aCiencia
_xPremios
_zMéxico
_927013
650 1 4 _aArte
_xPremios
_zMéxico
_927014
902 _aGRL
942 _2lcc
_cB
999 _c10276
_d10276